01229cam a22002891i 4500001001300000003000400013005001700017008004100034010001700075035001900092040002100111042001200132050002600144100005000170245024000220260004900460300011200509410005800621500006400679650002300743650002800766710003100794710003800825710003300863740002600896999001700922gs 35000230 DLC20260227111340.0790626s1935 dcua f000 0 eng  ags 35000230  a(OCoLC)5108910 aDLCcNFredUdDLC apremarc00aTN24.C6bL785 no. 1781 aLovering, T. S.q(Thomas Seward),d1896-1991.10aGeology and ore deposits of the Montezuma Quadrangle, Coloradoc/ by T. S. Lovering. Prepared in cooperation with the State of Colorado, Colorado Metal Mining Fund, Colorado Mining Association, and Geological Survey Board of Colorado. aWashington :bU.S. Govt. Print. Off.,c1935. aix, 119 p. :bill. 40 pl. (part fold.; incl. maps (3 in pocket) plans, profile, tables (1 fold.)) ;c29 cm.20aGeological Survey (U.S.).tProfessional papers ;v178 aAt head of title: United States Department of the Interior. 0aGeologyzColorado. 0aOre depositszColorado.2 aColorado Geological Survey2 aColorado State Metal Mining Fund.2 aColorado Mining Association.0 aMontezuma quadrangle. c27210d27210